| 000 | 00000nas 2200000za 4500 |
| 001 | 9.502875 |
| 003 | CaOODSP |
| 005 | 20221107133151 |
| 007 | cr ||||||||||| |
| 008 | 150406d20082015oncar p o f0 b0fre|d |
| 022 | |a1925-7864 |
| 040 | |aCaOODSP|bfre |
| 043 | |an-cn--- |
| 086 | 1 |aIu1-4/1F-PDF |
| 110 | 1 |aCanada. |bIndustrie Canada. |
| 222 | 0|aRapport annuel de ... concernant la Loi sur l'accès à l'information |b(Canada. Industrie Canada. En ligne) |
| 245 | 10|aRapport annuel ... concernant la Loi sur l'accès à l'information |h[ressource électronique] / |cIndustrie Canada. |
| 260 | |aOttawa : |bIndustrie Canada, |c[2008-2015] |
| 310 | |aAnnuel |
| 362 | 1 |aParaît depuis 2007/2008? ; ne paraît plus après 2014/2015. |
| 500 | |aPubl. aussi en anglais sous le titre : Annual report on the Access to Information Act. |
| 520 | 3 |aDécrit comment Industrie Canada s'est acquitté de ses responsabilités au cours de l’année d'application de la Loi sur l’accès à l’information. |
| 691 | 07|aAccès à l'information|2gcpds |
| 775 | 08|tAnnual report on the Access to Information Act |w(CaOODSP)9.506480 |
| 776 | 0#|tRapport annuel ... concernant la Loi sur l'accès à l'information.|w(CaOODSP)9.511683 |
| 780 | 00|tLoi sur l'accès à l'information et Loi sur la protection des renseignements personnels, rapports annuels.|w(CaOODSP)9.890378 |
| 785 | 00|tRapport annuel concernant la Loi sur l'accès à l'information.|w(CaOODSP)9.814891 |